[Event "AUTO-INT-756"]
[Site "http://www.queenalice.com/game.php?id=338495"]
[Date "2008.1.18"]
[Round "1"]
[White "Yunta"]
[Black "cd_dasilva"]
[Result "1-0"]
[WhiteElo "1671"]
[BlackElo "1487"]

1. e4 e6 2. d4 c5 3. Nf3 Nc6 4. c3 cxd4 5. Nxd4 e5 6. Nxc6 bxc6 7. Bc4 Nf6 8.
Nd2 Qb6 9. a4 Bc5 10. O-O d5 11. exd5 1-0

[Event "AUTO-INT-756"]
[Site "http://www.queenalice.com/game.php?id=338496"]
[Date "2008.1.18"]
[Round "1"]
[White "cd_dasilva"]
[Black "carpe_diem"]
[Result "1/2-1/2"]
[WhiteElo "1609"]
[BlackElo "1499"]

1. e4 c5 2. d4 cxd4 3. Qxd4 Nc6 4. Qc3 e5 5. Nf3 Bb4 6. Bg5 f6 7. Bd2 Bxc3 8.
Nxc3 Nge7 9. Bc4 Qb6 10. b3 Nd4 11. Nxd4 Qxd4 12. O-O Qxd2 13. Nb5 Kd8 14. Na3
Qb4 15. Nb1 Qc3 16. Nxc3 a6 17. a4 a5 18. Nd5 d6 19. Nxe7 Kxe7 20. f4 b6 21.
fxe5 dxe5 22. Rfd1 Bb7 23. Bd5 Bxd5 24. exd5 Kd6 25. Kf2 Rac8 26. c4 Rc7 27. Ke3
f5 28. g3 g6 29. h4 h5 30. Re1 1/2-1/2

[Event "AUTO-INT-756"]
[Site "http://www.queenalice.com/game.php?id=338497"]
[Date "2008.1.18"]
[Round "1"]
[White "carpe_diem"]
[Black "cd_dasilva"]
[Result "0-1"]
[WhiteElo "1495"]
[BlackElo "1595"]

1. e4 e6 2. d4 d5 3. Nc3 Bb4 4. a3 Bxc3+ 5. bxc3 dxe4 6. Qg4 f5 7. Qxg7 Qf6 8.
Qxc7 Na6 9. Bb5+ Kf8 10. Bd7 Nxc7 0-1

[Event "AUTO-OPEN-975"]
[Site "http://www.queenalice.com/game.php?id=338724"]
[Date "2008.1.18"]
[Round "1"]
[White "cd_dasilva"]
[Black "PedroNRF"]
[Result "0-1"]
[WhiteElo "1591"]
[BlackElo "1675"]

1. d4 d5 2. Nc3 Bf5 3. e3 a6 4. Nf3 e6 5. Bd3 Nh6 6. O-O Qf6 7. Re1 Bd6 8. g3
Nc6 9. a3 a5 10. Nb5 Bg4 11. Be2 Nf5 12. c3 Nce7 13. h3 Bxh3 14. Bd3 Qg6 15.
Bxf5 Nxf5 0-1

[Event "AUTO-OPEN-975"]
[Site "http://www.queenalice.com/game.php?id=338725"]
[Date "2008.1.18"]
[Round "1"]
[White "PedroNRF"]
[Black "cd_dasilva"]
[Result "1-0"]
[WhiteElo "1684"]
[BlackElo "1578"]

1. d4 d5 2. Bf4 Nc6 3. a3 g6 4. e3 Bh6 5. Qf3 Bxf4 6. Qxf4 Bf5 7. Nc3 Bxc2 8.
Nb5 Rc8 9. Nf3 a6 10. Nc3 f6 11. Nd2 e5 12. Qf3 Nge7 13. g4 exd4 14. exd4 f5 15.
gxf5 Rf8 16. Bd3 Nxd4 17. Qe3 Bxd3 18. Qxd3 1-0

[Event "AUTO-OPEN-975"]
[Site "http://www.queenalice.com/game.php?id=338726"]
[Date "2008.1.18"]
[Round "1"]
[White "cd_dasilva"]
[Black "Renatogr90"]
[Result "0-1"]
[WhiteElo "1530"]
[BlackElo "1609"]

1. e3 e5 2. Bd3 Nc6 3. b3 Nf6 4. Bb2 Bd6 5. e4 Nd4 6. c3 Nc6 7. Nf3 Ng4 8. Bb5
a6 9. Bxc6 dxc6 10. c4 Bc5 11. O-O f5 12. Bxe5 Qe7 13. exf5 Nxe5 14. Nxe5 Qxe5
15. Re1 Qxe1+ 16. Qxe1+ Kd8 17. g4 Rf8 18. a3 g6 19. Qe5 b6 20. Nc3 gxf5 21. b4
Bd6 22. Qd4 c5 23. bxc5 bxc5 24. Qd5 fxg4 25. Qxa8 h5 26. Qd5 h4 27. Ne4 Bd7 0-1

[Event "AUTO-OPEN-975"]
[Site "http://www.queenalice.com/game.php?id=338727"]
[Date "2008.1.18"]
[Round "1"]
[White "Renatogr90"]
[Black "cd_dasilva"]
[Result "1-0"]
[WhiteElo "1592"]
[BlackElo "1630"]

1. e4 e5 2. Nf3 Bd6 3. d4 f6 4. dxe5 fxe5 5. Bg5 Nf6 6. Bxf6 Qxf6 7. Nc3 b6 8.
Bb5 c6 9. Bc4 b5 10. Bb3 a5 11. a3 a4 12. Ba2 b4 13. axb4 Bxb4 14. O-O Ba6 15.
Re1 a3 16. bxa3 Bxc3 17. Re3 Bxa1 18. Qxa1 d6 19. Nd2 Nd7 20. h3 Nb6 21. Rf3 Qg5
22. c4 Qxd2 23. c5 dxc5 24. Qxe5+ Kd8 25. Rf7 Re8 26. Be6 Bc4 27. Qc7# 1-0

[Event "Let's Play Chess!"]
[Site "http://www.queenalice.com/game.php?id=762834"]
[Date "2010.4.18"]
[Round "-"]
[White "cd_dasilva"]
[Black "elche"]
[Result "1-0"]
[WhiteElo "1430"]
[BlackElo "1623"]

1. d4 d5 2. Nc3 Nf6 3. e3 Bf5 4. Qe2 e6 5. Nf3 Bb4 6. Qb5+ Nc6 7. Qxb7 Bxc3+ 8.
bxc3 Ne7 9. Bb5+ c6 10. Bxc6+ Nxc6 11. Qxc6+ Nd7 12. Ne5 Rb8 13. Qxd7+ Qxd7 14.
Nxd7 Kxd7 15. Kd2 Rhc8 16. Ba3 a5 17. Rhb1 Kc7 18. f3 Rxb1 19. Rxb1 Rb8 20. Bd6+
1-0

[Event "Challenge"]
[Site "http://www.queenalice.com/game.php?id=762898"]
[Date "2010.4.18"]
[Round "-"]
[White "cd_dasilva"]
[Black "mateusamorim96"]
[Result "0-1"]
[WhiteElo "1442"]
[BlackElo "1418"]

1. c4 c5 2. e4 e6 3. e5 f6 4. Bd3 g6 5. f4 fxe5 6. fxe5 Qg5 7. Nf3 Qxg2 8. Rf1
Bg7 9. Qe2 Qxe2+ 10. Bxe2 Ne7 11. Nc3 O-O 0-1

[Event "Challenge"]
[Site "http://www.queenalice.com/game.php?id=763640"]
[Date "2010.4.20"]
[Round "-"]
[White "Raeth"]
[Black "cd_dasilva"]
[Result "1-0"]
[WhiteElo "1425"]
[BlackElo "1419"]

1. e3 e5 2. d3 d5 3. Ne2 c5 4. Nd2 Qa5 5. g3 Nf6 6. Bg2 Be6 7. O-O Nc6 8. b3 Bd6
9. Bb2 b5 10. a3 b4 11. a4 O-O 12. e4 d4 13. h3 Qd8 14. g4 a5 15. f4 Nxg4 16.
hxg4 Bxg4 17. f5 Qh4 18. Qe1 Qg5 19. Bc1 1-0

[Event "Challenge"]
[Site "http://www.queenalice.com/game.php?id=763641"]
[Date "2010.4.20"]
[Round "-"]
[White "cd_dasilva"]
[Black "TriGuy"]
[Result "0-1"]
[WhiteElo "1442"]
[BlackElo "1843"]

1. d4 d5 2. e3 Nf6 3. Bd3 e6 4. Nf3 c5 5. b3 Nbd7 6. Bb5 a6 7. Bxd7+ Bxd7 8. Ba3
b6 9. c4 Rc8 10. O-O Be7 11. Qe2 b5 0-1